Electroquímica (Record no. 130484)

MARC details
000 -LEADER
campo de control de longitud fija 00780nam a22002051 4500
001 - NÚMERO DE CONTROL
campo de control 130484
003 - IDENTIFICADOR DE NÚMERO DE CONTROL
campo de control ES-MaACL
005 - FECHA Y HORA DE LA ÚLTIMA TRANSACCIÓN
campo de control 20230906193744.0
007 - CAMPO FIJO DE DESCRIPCIÓN FÍSICA--INFORMACIÓN GENERAL
campo de control de longitud fija t|
008 - DATOS DE LONGITUD FIJA--INFORMACIÓN GENERAL
campo de control de longitud fija 070730s1914 sp ||||0| spa d
016 7# - NÚMERO DE CONTROL DE UNA AGENCIA BIBLIOGRÁFICA NACIONAL
Número de control cancelado/no válido IND9900852483
040 ## - FUENTE DE CATALOGACIÓN
Centro catalogador/agencia de origen M-BN
Lengua de catalogación spa
Centro/agencia transcriptor CDM
100 1# - ENTRADA PRINCIPAL--NOMBRE DE PERSONA
Nombre de persona Sotilla y Ochotorena, Antonio de la.
9 (RLIN) 107470
245 10 - MENCIÓN DEL TÍTULO
Título Electroquímica
Resto del título : instalación, métodos, aparatos y trabajos que se efectuan /
Mención de responsabilidad, etc. por Antonio de la Sotilla y Ochotorena, esquemas y fotografías originales.
260 ## - PUBLICACIÓN, DISTRIBUCIÓN, ETC.
Lugar de publicación, distribución, etc. Barcelona :
Nombre del editor, distribuidor, etc. Eduardo Navas,
Fecha de publicación, distribución, etc. 1914.
300 ## - DESCRIPCIÓN FÍSICA
Extensión 3 h., 48 p., 8 h. de lám ;
Dimensiones 23 cm.
500 ## - NOTA GENERAL
Nota general Precde al tít.: Escuela de Viticultura y Enología de Reus.
710 2# - ENTRADA AGREGADA--NOMBRE DE ENTIDAD CORPORATIVA
Nombre de entidad corporativa o nombre de jurisdicción como elemento de entrada Escuela de Viticultura y Enología de Reus.
9 (RLIN) 3562
852 ## - LOCALIZACIÓN
Ubicación ES-MaACL
Número de control de estantería T-1432-F-5
Holdings
Estatus retirado Estado de pérdida Estado de daño No para préstamo Colección Biblioteca de origen Biblioteca actual Ubicación en estantería Fecha de adquisición Fuente de adquisición Total de préstamos Signatura topográfica completa Código de barras Visto por última vez Precio de reemplazo Tipo de ítem Koha
        Colección de folletos Biblioteca del Ateneo de Madrid Biblioteca del Ateneo de Madrid Depósito folletos 17/01/2008     T-1432-F-5 1135861 23/02/2023 23/02/2023 Folleto